Countries By Richest People - Statistics

General Stats
  • This quiz has been taken 101 times
  • The average score is 10 of 11
Answer Stats
Wealthiest Wealth In Billion USD Country % Correct
Jeff Bezos 177 United States
100%
Zhong Shanshan 68.9 China
99%
James Ratcliffe 17 United Kingdom
98%
Giovanni Ferrero 35.1 Italy
97%
Masayoshi Son 45.4 Japan
97%
Bernard Arnault 150 France
94%
Beate Heister & Karl Albrecht Jr. 39.2 Germany
93%
David Thomson 41.8 Canada
88%
Mukesh Ambani 84.5 India
88%
Carlos Slim 62.8 Mexico
84%
Jorge Paulo Lemann 16.9 Brazil
83%
No matching quizzes found
Score Distribution
Percent of People with Each Score
Percentile by Number Answered
Your Score History
You have not taken this quiz